Chess in Movies Quiz Stats

 Plays Quiz Updated Jun 18, 2018

Score 0/20 Timer 06:00
0 Plays Today
% Correct
Harry Potter and the Sorcerer's Stone
94.6%
Aladdin
92.3%
Back to the Future Part III
88.9%
Pretty Woman
83.2%
X-Men
81.4%
The Twilight Saga: Breaking Dawn - Part 1
80.4%
Casablanca
69.8%
Blazing Saddles
68.1%
Independence Day
59.8%
2001: A Space Odyssey
53.2%
% Correct
Blade Runner
37.5%
Spectre
37.4%
The Seventh Seal
29.5%
Searching for Bobby Fischer
27.4%
The Thomas Crown Affair
14.3%
From Russia with Love
13.5%
Straw Dogs
11.7%
Queen of Katwe
6.9%
Tower Heist
6.1%
Fresh
2.8%

You're not logged in!

Compare scores with friends on all Sporcle quizzes.
OR
Log In

Sporcle TV

Today on Sporcle TV


Watch our educational content, quiz creation guides, and fun videos on Sporcle TV.

Show Comments

Extras

Top Quizzes Today


Score Distribution

Your Account Isn't Verified!

In order to create a playlist on Sporcle, you need to verify the email address you used during registration. Go to your Sporcle Settings to finish the process.

Report this User

Report this user for behavior that violates our Community Guidelines.

Details: